000 00637nam a2200229Ia 4500
003 OSt
005 20220928115428.0
006 a|||||r|||| 00| 0
007 ta
008 220927b |||||||| |||| 00| 0 eng d
024 _a74681
037 _cTextual
040 _aSDCL
_cSDCL
_beng
041 _2eng
_aeng
082 _aO-,4M22x, G2
100 _aArnold Mathew
_9444243
245 0 _aLetters of Matthew Arnold to Arthur Hugh Clough.Ed by Howard Foster Lowry
260 _aOxford
_bClarendon
_c1932
300 _axi,192p
_ccm.
942 _hO-,4M22x, G2
_cTEXL
_2CC
999 _c759353
_d759353